书目信息 |
| 题名: |
中国革命史
|
|
| 作者: | 张留学 , 王淑玲 主编 | |
| 分册: | ||
| 出版信息: | 开封 河南大学出版社 1993.01 |
|
| 页数: | 499页 | |
| 开本: | 32开 | |
| 丛书名: | ||
| 单 册: | ||
| 中图分类: | K101-43 | |
| 科图分类: | ||
| 主题词: | 世界史:通史 | |
| 电子资源: | ||
| ISBN: | 7-81018-888-7 | |
| 000 | 00598nam0 2200205 45 | |
| 001 | 0101100908 | |
| 005 | 20010110095425.2 | |
| 010 | @a7-81018-888-7@d9.80元 | |
| 100 | @a20010110d1993 km y0chiy0120 ea | |
| 101 | 0 | @achi |
| 105 | @a z 000yy | |
| 200 | 1 | @a中国革命史@AZhong Guo Ge Ming Shi@f张留学,王淑玲主编@FZhang Liu Xue,Wang Shu Ling Zhu Bian |
| 210 | @a开封@c河南大学出版社@d1993.01 | |
| 215 | @a499页@d32开 | |
| 606 | 0 | @a世界史:通史 |
| 690 | @aK101-43@v3 | |
| 701 | 0 | @a张留学@4主编 |
| 701 | 0 | @a王淑玲@4主编 |
| 801 | @aCN@bPftUser@c20010110 | |
| 905 | @b320219-223@dK101-43@eZH891@f5 | |
| 中国革命史/张留学,王淑玲主编.-开封:河南大学出版社,1993.01 |
| 499页;32开 |
| ISBN 7-81018-888-7:9.80元 |
| ● |
| 相关链接 |
|
|
|
正题名:中国革命史
索取号:K101-43/ZH891
 
预约/预借
| 序号 | 登录号 | 条形码 | 馆藏地/架位号 | 状态 | 备注 |
| 1 | 320219 | 203202195 | 自科二线404/309社科库 32排4列4层/ [索取号:K101-43/ZH891] | 在馆 | |
| 2 | 320220 | 203202202 | 自科二线404/309社科库 32排4列4层/ [索取号:K101-43/ZH891] | 在馆 | |
| 3 | 320221 | 203202211 | 社科库309/309社科库 103排4列1层/ [索取号:K101-43/ZH891] | 在馆 | |
| 4 | 320222 | 203202220 | 社科库309/309社科库 103排4列1层/ [索取号:K101-43/ZH891] | 在馆 | |
| 5 | 320223 | 203202239 | 自科二线404/309社科库 32排4列4层/ [索取号:K101-43/ZH891] | 在馆 |